000 00326nam a22001337a 4500
008 190227b xxu||||| |||| 00| 0 eng d
020 _a9780131411241
041 _aeng
080 _a510
100 _a38
101 _aMAT
245 _aElementary and Intermediate Algebra for College Students
_cAngel, A.R
942 _2udc
_cBK
999 _c54368
_d54368